000 02677cas a2200553 4500
001 11171742
003 AUA.1
005 20130508152155.0
007 t|
008 731115c19739999kyuqr p 0 a0eng
010 _a 73644873
016 7 _a011764969
_2Uk
022 _a0091-8296
_21
035 _a(OCoLC)ocm01787681
037 _bLorraine Pellon, Business Manager, P.O. Box 1041, New Canaan, Conn., 06840
040 _aDLC
_beng
_cDLC
_dOCoLC
_dNSDP
_dNST
_dAIP
_dNSDP
_dNST
_dMH
_dOCoLC
_dDLC
_dOCoLC
_dATLA
_dOCoLC
_dCaQQL
_dZP2
_dOCoLC
_dUKMGB
_dUkLSOA
_dOCoLC
_dDLC
042 _apcc
_ansdp
050 0 0 _aBV2000
_b.M55
082 0 4 _a266/.007
210 0 _aMissiology
222 0 _aMissiology: An International review
245 0 0 _aMissiology.
260 _a[Wilmore, Ky, etc.,
_bAmerican Society of Missiology]
_c2004
300 _av.
_bill.
_c23 cm.
310 _aQuarterly
362 0 _aJul 2004
440 _aMissiology.
_vVol.32, No.3
_934948
500 _a"An international review."
500 _aVols. for <Jan. 2013- > published for the American Society of Missiology by Sage Publications.
500 _aContents: The missiological perspective: was the United States right to use military force against Iraq? Toward a discipline of Christian ethnomusicology: a missiological paradigm; Art, theology, and contextualization: the Armenian Orthodox experience; The HIV/AIDS pandemic: what is at stake for Christian mission? Spirit and “spirits” at the Canberra Assembly of the World Council of Churches, 1991; Reading Romans in hurricane-ravaged Honduras: a model of intercultural and interdisciplinary conversation;
530 _aAlso issued in online ed.
590 _aSERBIB/SERLOC merged record
610 2 4 _aAmerican Society of Missiology.
_vPeriodicals.
_934949
650 0 _aMissions
_vPeriodicals.
_934950
650 6 _aMissiologie
_vPériodiques.
_934951
650 6 _aMissions
_vPériodiques.
_934952
700 _aTerry C. Muck
_eEditor
_934953
710 2 _aAmerican Society of Missiology.
_934954
776 1 _tMissiology (Online)
_w(DLC) 2004221990
_w(OCoLC)57346936
776 0 8 _iOnline version:
_tMissiology
_w(OCoLC)759933613
780 0 2 _tPractical anthropology
_x0032-633X
_w(DLC) 63038045
_w(OCoLC)1762756
906 _a7
_bcbc
_cserials
_d3
_encip
_f19
_gn-oclcserc
942 _2lcc
_cPER
_hBV2000
_i.M55 2004
999 _c9914
_d9914